[Event "40th Olympiad Open"]
[Site "Istanbul TUR"]
[Date "2012.08.28"]
[Round "1.23"]
[White "Nevednichy,V"]
[Black "Azam,Z"]
[Result "1-0"]
[WhiteElo "2554"]
[BlackElo "2187"]

1.d4 d5 2.c4 dxc4 3.Nf3 c6 4.a4 Nf6 5.Nc3 Bf5 6.e3 e6 7.Bxc4 Bb4 8.O-O Nbd7
9.Nh4 Bg4 10.f3 Bh5 11.g3 a5 12.e4 Qb6 13.Be3 Ne5 14.Be2 Rd8 15.g4 Bg6 16.g5 c5
17.gxf6 cxd4 18.Bf2 gxf6 19.Bb5+ Ke7 20.Ne2 Rhg8 21.Kh1 Nxf3 22.Nxf3 Bxe4
23.Ng3 Bd5 24.Qe2 Rg4 25.Rad1 Rf4 26.Bxd4 Rxf3 27.Rxf3 Bxf3+ 28.Qxf3 Rxd4
29.Nf5+ exf5 30.Qe3+ Qe6 31.Qxd4 Qe4+ 32.Qxe4+ fxe4 33.Rd7+ Ke6 34.Rxb7 f5
35.Bd7+ Kd5  1-0

[Event "40th Olympiad Open"]
[Site "Istanbul TUR"]
[Date "2012.08.28"]
[Round "1.12"]
[White "Croad,N"]
[Black "Khenkin,I"]
[Result "1/2-1/2"]
[WhiteElo "2255"]
[BlackElo "2656"]

1.d4 d5 2.c4 dxc4 3.Nf3 c6 4.e3 b5 5.a4 e6 6.axb5 cxb5 7.b3 Bb4+ 8.Bd2 Bxd2+
9.Nbxd2 a5 10.bxc4 b4 11.Ne5 Nf6 12.Bd3 Bb7 13.O-O O-O 14.f4 Nbd7 15.Bc2 h6
16.Qe1 Nxe5 17.fxe5 Nd7 18.Ne4 b3 19.Bb1 a4 20.Nd6 Bc6 21.Qd2 Qa5 22.Qd3 f5
23.exf6 Nxf6 24.Rxf6 Rxf6 25.Qh7+ Kf8 26.Qh8+ Ke7 27.Qxg7+ Kxd6 28.c5+ Kd5
29.Be4+ Kxe4 30.Qxf6 Kd3 31.Qf1+ Kc3 32.Rc1+ Kb2 33.Rb1+ Ka3 34.Ra1+ Kb4
35.Qe1+ Kb5 36.Qe2+ Kb4 37.Qe1+ Kb5 38.Qe2+ Kb4 39.Qd2+ Kb5 40.Qd3+ Kb4 41.Qd2+ Kb5
42.Qd3+  1/2-1/2

[Event "40th Olympiad Open"]
[Site "Istanbul TUR"]
[Date "2012.08.29"]
[Round "2.20"]
[White "Kosic,D"]
[Black "Hautot,S"]
[Result "1-0"]
[WhiteElo "2526"]
[BlackElo "2375"]

1.d4 d5 2.Nf3 Nf6 3.c4 c6 4.Qb3 dxc4 5.Qxc4 Bg4 6.Nbd2 Nbd7 7.g3 e6 8.Bg2 Be7
9.O-O O-O 10.b3 Rc8 11.Bb2 b5 12.Qd3 Bf5 13.Qc3 c5 14.Nh4 cxd4 15.Qxd4 Bc5
16.Qf4 Bc2 17.Rac1 e5 18.Qf3 Bd4 19.Bxd4 exd4 20.Qf4 d3 21.e4 Qc7 22.Qxc7 Rxc7
23.Nf5 g6 24.Ne3 Re8 25.f4 Nb6 26.e5 Nfd7 27.Ne4 Rd8 28.Nd6 a6 29.Rf2 f6
30.Bf1 fxe5 31.Bxd3 Nc5 32.Bxc2 Nd3 33.fxe5 Nxc1 34.Ng4 Nd5 35.Be4 Nc3 36.Nf6+ Kh8
37.Nfe8 N1e2+ 38.Kg2  1-0

[Event "40th Olympiad Open"]
[Site "Istanbul TUR"]
[Date "2012.08.29"]
[Round "2.28"]
[White "Nguyen Van Huy"]
[Black "Stojanovic,Da"]
[Result "1/2-1/2"]
[WhiteElo "2506"]
[BlackElo "2495"]

1.d4 d5 2.Nf3 Nf6 3.c4 c6 4.Qb3 dxc4 5.Qxc4 Bf5 6.g3 e6 7.Bg2 Nbd7 8.O-O Be7
9.e3 O-O 10.Rd1 h6 11.Qe2 Ne4 12.Nfd2 Nxd2 13.Bxd2 Nf6 14.e4 Bg4 15.f3 Bh5
16.Be3 Nd7 17.Nc3 Bd6 18.g4 Bg6 19.f4 f6 20.Kh1 Qe7 21.Rd2 Bc7 22.Rad1 Bb6
23.Bf2 Rfe8 24.Qf3 Nf8 25.Bh4 Qf7 26.f5 Bh7 27.Bf1 Kh8 28.Bc4 Qc7 29.Bg3 Qd7
30.Bb3 Bc7 31.d5 exd5 32.exd5 Bxg3 33.Qxg3 Bg8 34.Qg2 Qc7 35.d6 Qd7 36.Bxg8 Kxg8
37.Ne2 Re5 38.Nf4 Rae8 39.Qf2 b6 40.h4 Re4 41.Rd4 R4e5 42.Kh2 c5 43.R4d2 Re4
44.b3 g5 45.hxg5 hxg5 46.Nh5 Kf7 47.Qf3 R8e5 48.Rc1 Qc6 49.Re1 Nd7 50.Ng3 Re2+
51.Qxe2 Rxe2+ 52.Rexe2 b5 53.Re7+ Kf8 54.Ne4 c4 55.bxc4 bxc4 56.Rxd7 Qxe4
57.Rg2 Qf4+ 58.Kh3 Ke8 59.Re7+ Kd8 60.Ree2 Qf3+ 61.Kh2 Kd7 62.Re7+ Kxd6 63.Re6+ Kd5
64.Rxf6 Qf4+ 65.Kh1 c3 66.Re6 Qf1+ 67.Kh2 Qf4+ 68.Kh1 Qf1+ 69.Kh2 Qf4+ 70.Kh1 Qf1+  1/2-1/2

[Event "37th Trade Fair Open A"]
[Site "Brno CZE"]
[Date "2012.08.30"]
[Round "6"]
[White "Vyskocil,N"]
[Black "Zavacky,P"]
[Result "1-0"]
[WhiteElo "2368"]
[BlackElo "2104"]

1.d4 d5 2.Nf3 Nf6 3.c4 c6 4.Nbd2 Bf5 5.e3 e6 6.Nh4 Bg6 7.Nxg6 hxg6 8.g3 Nbd7
9.Bg2 Qb6 10.O-O Be7 11.Qe2 O-O 12.c5 Qc7 13.f4 b6 14.cxb6 Qxb6 15.g4 Ne8
16.Nf3 Nd6 17.Ne5 Rad8 18.b3 c5 19.Nxd7 Rxd7 20.dxc5 Qxc5 21.Bb2 Qb5 22.Qxb5 Nxb5
23.Rac1 Bf6 24.Bxf6 gxf6 25.Rc5 Nd6 26.Rfc1 Rb8 27.Rc7 Rb7 28.Rxd7 Rxd7 29.Kf2 Kf8
30.Ke2 Ke7 31.Kd3 Rb7 32.Rc5 Kd7 33.Kc3 Rb6 34.Ra5 Kc6 35.Kd3 Rb7 36.Ra6+ Kc7
37.h4 f5 38.g5 Kd7 39.Kd4 Nb5+ 40.Kc5 Ke7 41.Bf1 Nc3 42.Bd3 Rd7 43.Kd4 Rc7
44.b4 Ne4 45.b5 Nc3 46.a4 Na2 47.b6 axb6 48.Rxb6 Ra7 49.Ba6 Kd8 50.Bb5 Kc7
51.Rc6+ Kb8 52.Ke5 Nb4 53.Rc3 d4 54.Rb3 Nd5 55.Bc6+ Kc7 56.Bxd5 exd5 57.exd4 Rxa4
58.Rb5 Ra6 59.Rc5+ Kd7 60.Kxd5 Rd6+ 61.Kc4 Re6 62.Re5 Rc6+ 63.Kd3 Rc1 64.h5 gxh5
65.Rxf5 Ke7 66.Rf6 Rh1 67.d5 Rd1+ 68.Ke4 Re1+ 69.Kf3 Rd1 70.Rf5 Rc1 71.d6+ Kxd6
72.Rxf7 Rc3+ 73.Ke4 Ke6 74.Rf6+ Ke7 75.Rh6 Rh3 76.Kf5 Kf7 77.Rh7+ Kg8 78.Ra7 Rf3
79.Ke5 h4 80.f5 h3 81.Kf6 h2 82.Ra8+  1-0

[Event "World Youth U16 Olympiad 2012"]
[Site "Istanbul TUR"]
[Date "2012.08.30"]
[Round "3.10"]
[White "Kowsarinia,A"]
[Black "Tan,Ju2"]
[Result "0-1"]
[WhiteElo "2319"]
[BlackElo "2221"]

1.d4 d5 2.c4 c6 3.Nf3 Nf6 4.Qc2 dxc4 5.Qxc4 Bf5 6.g3 e6 7.Bg2 Be7 8.O-O O-O
9.e3 Nbd7 10.Rd1 Qc7 11.Nc3 Ne4 12.Nd2 Nxc3 13.bxc3 e5 14.e4 Be6 15.Qe2 Nb6
16.Nf3 f6 17.Be3 Rad8 18.a4 Nc4 19.Nd2 Nxe3 20.Qxe3 Qa5 21.Rdb1 Rd7 22.Nb3 Qd8
23.a5 b6 24.axb6 axb6 25.Bf3 Bxb3 26.Rxb3 exd4 27.cxd4 Rxd4 28.Rb2 Rd3 29.Qf4 Bd6
30.Qg4 Be5 31.Rba2 Bxa1 32.Rxa1 Qd7 33.Qf4 g5  0-1

[Event "World Youth U16 Olympiad 2012"]
[Site "Istanbul TUR"]
[Date "2012.08.30"]
[Round "3.15"]
[White "Eren,Ataberk"]
[Black "Olsen,Filip Boe"]
[Result "1-0"]
[WhiteElo "1780"]
[BlackElo "1621"]

1.d4 d5 2.c4 c6 3.Nf3 Nf6 4.Qb3 Qb6 5.Nc3 e6 6.g3 Nbd7 7.Bg2 Be7 8.O-O O-O
9.Re1 a6 10.c5 Qd8 11.Na4 Re8 12.Bf4 Bf8 13.Rac1 h6 14.h4 Nh5 15.Qe3 Nxf4
16.Qxf4 f6 17.e4 e5 18.Qd2 exd4 19.Nxd4 dxe4 20.Bxe4 Ne5 21.Qc3 Bg4 22.f3 Bd7
23.Rcd1 Qc7 24.Qb3+ Kh8 25.f4 Ng4 26.Qf7 Rxe4 27.Rxe4 Rd8 28.b4 Qb8 29.Nb6  1-0

[Event "40th Olympiad Open"]
[Site "Istanbul TUR"]
[Date "2012.08.30"]
[Round "3.4"]
[White "Tkachiev,V"]
[Black "Delchev,A"]
[Result "1/2-1/2"]
[WhiteElo "2644"]
[BlackElo "2596"]

1.Nf3 d5 2.d4 Nf6 3.c4 c6 4.Qb3 e6 5.g3 Be7 6.Bg2 O-O 7.O-O Nbd7 8.Bf4 b6
9.Nc3 Bb7 10.Rac1 Nh5 11.Bd2 Nhf6 12.Rfd1 Rc8 13.Bg5 h6 14.Bf4 Nh5 15.Be3 Nhf6
16.h3 Ba6 17.Nd2 Bd6 18.cxd5 Nxd5 19.Nce4 Bb8 20.Nc4 Qe7 21.Bd2 e5 22.dxe5 Nxe5
23.Nxe5 Bxe5 24.e3 Rfd8 25.Be1 Bb7 26.Nd2 Nf6 27.Nf3 Rxd1 28.Rxd1 c5 29.Nxe5 Bxg2
30.Kxg2 Qxe5 31.f3 Qe7 32.Qd3 Qe6 33.a3 Nh7 34.Qd7 Nf8 35.Qxe6 Nxe6 36.Rd7 Rc7
37.Rd5 Kf8 38.f4 f6 39.Kf3 Ke8 40.h4 Nd8 41.Kg4 Nc6 42.h5 Ne7 43.Rd1 Rd7
44.Rxd7 Kxd7 45.Kf3 Nf5 46.g4 Nd6 47.e4 Ke6 48.Bd2 Nc4 49.Bc3 b5 50.Ke2 a5
51.b3 Nxa3 52.Bxa5 c4 53.bxc4  1/2-1/2

[Event "World Youth U16 Olympiad 2012"]
[Site "Istanbul TUR"]
[Date "2012.08.31"]
[Round "4.17"]
[White "Harutyunian,T"]
[Black "Izzat,Kanan"]
[Result "1-0"]
[WhiteElo "2308"]
[BlackElo "2326"]

1.d4 Nf6 2.c4 c6 3.Nf3 d5 4.Nbd2 Bf5 5.Nh4 Be4 6.f3 Bg6 7.Nxg6 hxg6 8.e3 e6
9.Bd3 Bd6 10.cxd5 exd5 11.f4 Qe7 12.Qe2 g5 13.fxg5 Nh5 14.Rf1 Bxh2 15.Qg4 Nd7
16.Rf3 Nf4 17.Bf5 Nb6 18.Kf2 Nh5 19.Rh3 Bg3+ 20.Qxg3  1-0

[Event "40th Olympiad Open"]
[Site "Istanbul TUR"]
[Date "2012.08.31"]
[Round "4.78"]
[White "Mikheev,S"]
[Black "Wanyama,Harold"]
[Result "1-0"]
[WhiteElo "2244"]
[BlackElo "2159"]

1.d4 d5 2.c4 c6 3.Nf3 Nf6 4.Qc2 e6 5.g3 Be7 6.Bg2 O-O 7.O-O Nbd7 8.b3 Ne4
9.Nfd2 f5 10.f3 Nxd2 11.Nxd2 dxc4 12.Nxc4 e5 13.dxe5 Nxe5 14.Rd1 Bc5+ 15.Kh1 Qe7
16.Nxe5 Qxe5 17.Bf4 Qe7 18.Rd3 Re8 19.Rad1 Bb6 20.e4 fxe4 21.fxe4 Bg4 22.R1d2 Ba5
23.Bd6 Qe6 24.b4 Bb6 25.Qc3 a5 26.b5 cxb5 27.e5 b4 28.Qb2 Qf5 29.a3 Be2 30.Qb3+ Kh8
31.Rxe2 a4 32.Qd5 b3 33.e6 Qg6 34.e7 Rac8 35.Rd1 h6 36.Be4 Qf6 37.Qf5  1-0

[Event "40th Olympiad Open"]
[Site "Istanbul TUR"]
[Date "2012.09.01"]
[Round "5.46"]
[White "Hussein,AH"]
[Black "Hossain,Enam"]
[Result "0-1"]
[WhiteElo "2329"]
[BlackElo "2480"]

1.d4 Nf6 2.Nf3 d5 3.c4 c6 4.Qb3 dxc4 5.Qxc4 Bg4 6.Nbd2 e6 7.g3 Be7 8.Bg2 Nbd7
9.O-O O-O 10.Qb3 Qb6 11.Nc4 Qa6 12.Re1 Rac8 13.Nce5 Nxe5 14.dxe5 Nd5 15.Bd2 c5
16.a3 h6 17.e4 c4 18.Qc2 Nb6 19.Bb4 Bc5 20.h3 Bxf3 21.Bxf3 Nd7 22.Bc3 b5
23.Rad1 Rfd8 24.Kg2 Qb6 25.Re2 Nb8 26.Red2 Nc6 27.Bg4 a5 28.Rxd8+ Rxd8 29.f4 Qb8
30.Be1 Ba7 31.Rxd8+ Qxd8 32.Bf2 Bxf2 33.Qxf2 Qd4 34.Qxd4 Nxd4 35.Kf2 b4 36.axb4 axb4
37.Be2 c3 38.bxc3 bxc3 39.Bd3 c2 40.Bxc2 Nxc2  0-1

[Event "40th Olympiad Open"]
[Site "Istanbul TUR"]
[Date "2012.09.01"]
[Round "5.78"]
[White "Mikheev,S"]
[Black "Michalik,P"]
[Result "1-0"]
[WhiteElo "2244"]
[BlackElo "2508"]

1.d4 d5 2.c4 c6 3.Nf3 Nf6 4.Qc2 dxc4 5.Qxc4 Bf5 6.g3 e6 7.Bg2 Be7 8.O-O O-O
9.e3 Nbd7 10.Rd1 Rc8 11.Qe2 Qb6 12.Nc3 Ne4 13.Ne1 Nxc3 14.bxc3 e5 15.e4 Be6
16.Nc2 f6 17.Ne3 Rfe8 18.d5 Bf7 19.Qg4 Rcd8 20.Nf5 Bg6 21.Nxe7+ Rxe7 22.Be3 Qa6
23.h4 cxd5 24.exd5 Nb6 25.Qb4 Rc7 26.d6 Rc4 27.Bxb6 axb6 28.Qxc4+ Qxc4 29.Bd5+ Bf7
30.Bxc4 Bxc4 31.a4 b5 32.a5 Rd7 33.a6 bxa6 34.Rxa6 Kf7 35.Rc6 Ke6 36.Rc7 h6
37.Rxd7 Kxd7 38.Rd2 g5 39.f3 Be6 40.Kf2 g4 41.fxg4 Bxg4 42.Ke3 Be6 43.Ke4 Bg4
44.Kd5 h5 45.Kc5 e4 46.Ra2  1-0

[Event "11th Kesarovski-Stanchev Mem"]
[Site "Sunny Beach BUL"]
[Date "2012.09.01"]
[Round "1.13"]
[White "Doncea,V"]
[Black "Petrov,Si"]
[Result "1-0"]
[WhiteElo "2404"]
[BlackElo "2036"]

1.d4 d5 2.Nf3 Nf6 3.c4 c6 4.Qc2 a6 5.e3 g6 6.Bd3 Bg7 7.O-O O-O 8.b3 Bg4 9.Ne5 Be6
10.Nd2 Nbd7 11.Nef3 Re8 12.Bb2 Rc8 13.Ng5 Nf8 14.c5 N6d7 15.b4 f6 16.Nxe6 Nxe6
17.a4 Nc7 18.Qb3 e5 19.Ne4 Re7 20.Nd6 Rb8 21.e4 Kf8 22.f4 dxe4 23.Bxe4 exf4
24.Rxf4 Ne6 25.Rff1 Ng5 26.Bb1 f5 27.g4 Bf6 28.gxf5 Kg7 29.fxg6 hxg6 30.Qd3 Nf8
31.Rxf6 Kxf6 32.d5+ Re5 33.Bxe5+ Kxe5 34.Qc3+  1-0

[Event "37th Trade Fair Open A"]
[Site "Brno CZE"]
[Date "2012.09.02"]
[Round "9"]
[White "Havel,Vojtech"]
[Black "Svobodova,M"]
[Result "1/2-1/2"]
[WhiteElo "1797"]
[BlackElo "2021"]

1.d4 d5 2.c4 c6 3.Nf3 Nf6 4.Qc2 g6 5.Bf4 Bf5 6.Qb3 Qb6 7.e3 Nbd7 8.Nc3 Be6
9.c5 Qxb3 10.axb3 a6 11.Bd3 Bf5 12.Bxf5 gxf5 13.Ne5 Bg7 14.h3 Rg8 15.Ke2 Nh5
16.Nxd7 Nxf4+ 17.exf4 Kxd7 18.Kd3 f6 19.g4 Bh6 20.Ne2 e6 21.Rhg1 Rae8 22.gxf5 exf5
23.Rg3 Rg6 24.Rag1 Reg8 25.b4 Bf8 26.Kc3 Be7 27.Kc2 Bd8 28.Kd3 Bc7 29.R1g2 Ke6
30.Re3+ Kf7 31.Rgg3 R8g7 32.Kc2 Rg8 33.Kd3 Ra8 34.Kc2 Rd8 35.Kd2 Rc8 36.Kc2 Rb8
37.Kd2 Rf8 38.Kc2 Rfg8 39.Kd2 Rf8 40.Kc2 Rd8 41.Kd2 Rh6 42.Rg1 Rg6  1/2-1/2

[Event "14th Trieste Open A"]
[Site "Trieste ITA"]
[Date "2012.09.02"]
[Round "2"]
[White "Ivanovic,An"]
[Black "Santeramo,Alessia"]
[Result "1-0"]
[WhiteElo "2107"]
[BlackElo "1866"]

1.d4 d5 2.c4 c6 3.Nf3 Nf6 4.Qc2 g6 5.e3 Bf5 6.Bd3 Bxd3 7.Qxd3 Bg7 8.Nc3 dxc4
9.Qxc4 Nbd7 10.O-O Nb6 11.Qb3 Qc7 12.e4 O-O 13.Bg5 Rfe8 14.Rac1 Rac8 15.Rfd1 Qb8
16.a4 c5 17.d5 Nbd7 18.Qb5 a6 19.Qe2 Ng4 20.Bh4 Nge5 21.Bg3 Nxf3+ 22.gxf3 Be5
23.Qe3 Bxg3 24.hxg3 Ne5 25.f4 Nc4 26.Qe2 Nd6 27.g4 f6 28.e5 Nf7 29.Re1 c4
30.Kg2 b5 31.Qe3 Kg7 32.Rh1 fxe5 33.f5 g5 34.Ne4 h6 35.Rxh6 Kxh6 36.Nxg5 Kg7
37.Ne6+ Kg8 38.Rh1 Qd6 39.Qh3 Qxd5+ 40.Kg1 Qd1+ 41.Kg2 Qd5+ 42.Kg3 Qxh1 43.Qxh1 Red8
44.Qh5 Rd3+ 45.Kg2 Nh8 46.Ng5  1-0

[Event "40th Olympiad Open"]
[Site "Istanbul TUR"]
[Date "2012.09.03"]
[Round "6.78"]
[White "Mikheev,S"]
[Black "Kuderinov,K"]
[Result "1/2-1/2"]
[WhiteElo "2244"]
[BlackElo "2484"]

1.d4 d5 2.c4 c6 3.Nf3 Nf6 4.Qc2 e6 5.g3 Be7 6.Bg2 O-O 7.O-O Nbd7 8.b3 b6
9.Bb2 Ba6 10.Nbd2 Rc8 11.e4 dxe4 12.Nxe4 Nxe4 13.Qxe4 Bf6 14.Rad1 Qc7 15.Ne5 Nxe5
16.dxe5 Be7 17.Rd3 Bb7 18.Rfd1 Rfd8 19.h4 Rxd3 20.Rxd3 Rd8 21.Bc3 Rxd3 22.Qxd3 c5
23.Be4 Bxe4 24.Qxe4 Qd7 25.Qf3 Bf8 26.a4 a6 27.Kg2 a5 28.Kg1 Be7 29.Kg2 Bf8
30.Kg1 Be7 31.Kg2 Bf8  1/2-1/2

[Event "40th Olympiad Open"]
[Site "Istanbul TUR"]
[Date "2012.09.03"]
[Round "6.54"]
[White "Zerafa,P"]
[Black "Mbedza,Richard"]
[Result "0-1"]
[WhiteElo "2089"]
[BlackElo "2045"]

1.d4 Nf6 2.c4 c6 3.Nf3 d5 4.Qc2 g6 5.Bf4 Bg7 6.h3 O-O 7.e3 Qa5+ 8.Nbd2 Na6
9.a3 Bf5 10.Qb3 b6 11.Be2 Ne4 12.Rd1 Nxd2 13.Rxd2 Be4 14.Qd1 c5 15.cxd5 cxd4
16.exd4 Bxd5 17.O-O Rac8 18.Ne5 Nc7 19.Nc4 Bxc4 20.Bxc4 Qf5 21.Bg3 Nd5 22.Be2 e6
23.Qa4 a5 24.Bg4 Qg5 25.Rdd1 Rfd8 26.Rfe1 h5 27.Bf3 h4 28.Bh2 Qf5 29.Be4 Qf6
30.Qb3 Qg5 31.Be5 Bxe5 32.dxe5 Nf4 33.Qxb6 Rxd1 34.Rxd1 Qxe5 35.Bf3 Kh7 36.b4 axb4
37.Qxb4 Rc3 38.Bb7 Kg7 39.a4 Rc2 40.Bf3 Rc3 41.Be4 Rc5 42.Re1 g5 43.Bf3 Qc7
44.Qb2+ e5 45.Qb7 Qa5 46.Ra1 Qc3 47.Rd1 Ne6 48.Bg4 Rc7 49.Qd5 Rc5 50.Qd2 Qxd2
51.Rxd2 Nd4 52.Ra2 Ra5 53.Bd7 f5 54.Rb2 e4 55.Kf1 Rc5 56.Ke1 f4 57.Kd2 Kf6
58.Bg4 Ke5 59.Rb8 Rc2+ 60.Ke1 Ra2 61.Ra8 e3 62.Re8+ Kf6 63.fxe3 fxe3 64.Rxe3 Nc2+
65.Kd2 Nxe3+ 66.Kxe3 Rxa4 67.Bf3 Ke5 68.Be2 Ra3+ 69.Bd3 Rb3 70.Ke2 Kf4 71.Bc4 Rc3
72.Bd5 Kg3 73.Kd2 Rc5 74.Be4 Re5 75.Bc6 Kf2 76.Kd3 Re3+ 77.Kd4 Rg3 78.Ke5 Rxg2
79.Kf6 Rh2 80.Kxg5 Kg3 81.Bd7 Rxh3 82.Kf5 Rh1 83.Bc6 Rf1+ 84.Ke4 h3  0-1

[Event "11th Kesarovski-Stanchev Mem"]
[Site "Sunny Beach BUL"]
[Date "2012.09.03"]
[Round "3.11"]
[White "Doncea,V"]
[Black "Stamnov,A"]
[Result "1-0"]
[WhiteElo "2404"]
[BlackElo "2148"]

1.d4 d5 2.Nf3 Nf6 3.c4 c6 4.Qc2 e6 5.g3 Ne4 6.Bg2 Be7 7.Nbd2 f5 8.Ne5 Nxd2
9.Bxd2 Nd7 10.Nd3 Bd6 11.O-O g5 12.b4 O-O 13.b5 dxc4 14.Qxc4 Nb6 15.Qc1 cxb5
16.Bxg5 Be7 17.Bxe7 Qxe7 18.Qc5 Qxc5 19.dxc5 Nd5 20.Bxd5 exd5 21.Nf4 Re8
22.Nxd5 Rxe2 23.Rfe1 Rc2 24.Re8+ Kg7 25.Nc7 Rb8 26.Nxb5 a6 27.Nd6 Rxc5 28.Rae1 f4
29.gxf4 Rc6 30.Rd8 b5 31.f5 a5 32.f4 b4 33.h3 Rxd6 34.Rxd6 Bxf5 35.Re7+ Kf8
36.Rc7 Bxh3 37.Rxh7 Bf5 38.Ra7 Bc2 39.f5 a4 40.Rh6 Kg8 41.f6  1-0

[Event "40th Olympiad Open"]
[Site "Istanbul TUR"]
[Date "2012.09.04"]
[Round "7.30"]
[White "Makoto,R"]
[Black "Batchuluun,T"]
[Result "1/2-1/2"]
[WhiteElo "2254"]
[BlackElo "2493"]

1.d4 Nf6 2.c4 c6 3.Nf3 d5 4.g3 dxc4 5.Bg2 e6 6.O-O b5 7.a4 Bb7 8.Ne5 a6 9.axb5 axb5
10.Rxa8 Bxa8 11.Nc3 Nd5 12.e4 Nxc3 13.bxc3 Nd7 14.Nxd7 Qxd7 15.Qg4 h5 16.Qg5 Qd8
17.Qe5 Be7 18.Bf4 Bf6 19.Qc5 Be7 20.Qe5 Bf6 21.Qc5 Be7 22.Qe5 c5 23.Rd1 h4
24.Qxg7 Bf6 25.Qg4 hxg3 26.d5 gxf2+ 27.Kxf2 exd5 28.exd5 Bxc3 29.d6 Bd4+
30.Rxd4 cxd4 31.Qg7 Bxg2 32.Qxh8+ Kd7 33.Qxd4 Bb7 34.Qe5 Qh4+ 35.Bg3 Qe4
36.Qxb5+ Bc6 37.Qe5 Qc2+ 38.Qe2 Qf5+ 39.Ke1 Qb1+ 40.Kf2 Qf5+ 41.Ke1 Qa5+
42.Kf2 Qc5+ 43.Qe3 Qf5+ 44.Ke1 Qb1+ 45.Kf2 Qb2+ 46.Ke1 Qa1+ 47.Ke2 Qb2+ 48.Ke1 Qb1+
49.Kf2 Qc2+ 50.Ke1 Qb1+ 51.Kf2 Qb2+ 52.Ke1  1/2-1/2

[Event "5th Sabadell Open A"]
[Site "Sabadell ESP"]
[Date "2012.09.04"]
[Round "6"]
[White "Lorenzo de la Riva,L"]
[Black "Perez Mitjans,O"]
[Result "1-0"]
[WhiteElo "2444"]
[BlackElo "2504"]

1.d4 d5 2.c4 c6 3.Nf3 Nf6 4.Qb3 e6 5.Bg5 Nbd7 6.Nc3 Be7 7.e3 Ne4 8.Bxe7 Qxe7
9.Bd3 f5 10.O-O O-O 11.Qc2 Rf6 12.Ne5 Rh6 13.g3 Nef6 14.f3 Qd6 15.f4 Qe7
16.cxd5 Nxe5 17.dxe5 Ng4 18.d6 Qd8 19.Rf2 Nxe3 20.Qb3 Ng4 21.Re2 b5 22.Bxf5 Qb6+
23.Kh1 Nf2+ 24.Kg2 Kh8 25.Ne4 exf5 26.Ng5 g6 27.e6 Rh5 28.Qc3+ Kg8 29.Nf7 Bxe6
30.Rxe6 Rxh2+ 31.Kxh2 Ng4+ 32.Kh3 Nf2+ 33.Kg2 Qd8  1-0

[Event "11th Kesarovski-Stanchev Mem"]
[Site "Sunny Beach BUL"]
[Date "2012.09.04"]
[Round "4.25"]
[White "Tashkov,R"]
[Black "Manole,S"]
[Result "0-1"]
[WhiteElo "2230"]
[BlackElo "2125"]

1.d4 d5 2.Nf3 Nf6 3.c4 c6 4.Qc2 dxc4 5.Qxc4 Bf5 6.g3 e6 7.Bg2 Nbd7 8.O-O Be7
9.Qb3 Qb6 10.Nbd2 O-O 11.Nc4 Qa6 12.Bf4 Nb6 13.Rac1 Nxc4 14.Rxc4 Be4 15.Ne5 Bxg2
16.Kxg2 Rfd8 17.Rd1 Rd5 18.Ra4 Qb5 19.Rd3 Nd7 20.Nxd7 Rxd7 21.Qc2 a6 22.Rc4 Rad8
23.e4 Qh5 24.Rb3 g5 25.Be3 g4 26.h4 gxh3+ 27.Kh2 Qf3 28.Kxh3 Qh1+ 29.Kg4 Kh8
30.d5 e5 31.Qe2 cxd5 32.exd5 Rxd5 33.Rc7 h5+  0-1

[Event "40th Olympiad Open"]
[Site "Istanbul TUR"]
[Date "2012.09.05"]
[Round "8.69"]
[White "Rosenbeiger,A"]
[Black "Al Hageri,B"]
[Result "1-0"]
[WhiteElo "2151"]
[BlackElo "2072"]

1.d4 d5 2.c4 c6 3.Nf3 Nf6 4.Qc2 e6 5.g3 Nbd7 6.Bg2 Be7 7.O-O O-O 8.Nc3 b6
9.Rd1 Bb7 10.e4 dxc4 11.e5 Nd5 12.Ne4 b5 13.Bg5 h6 14.Bxe7 Qxe7 15.b3 N7b6
16.Bf1 Nb4 17.Qb1 c5 18.bxc4 bxc4 19.a3 N4d5 20.Rc1 cxd4 21.Nxd4 Ba6 22.Nd6 Nd7
23.Nc6 Qg5 24.Qe4 Nc5 25.Qg2 Nb3 26.f4 Qg6 27.Rd1 Nxa1 28.Rxd5 Qb1 29.Ra5 c3
30.Rxa6 c2 31.Ne7+ Kh8 32.Nxf7+  1-0

[Event "40th Olympiad Open"]
[Site "Istanbul TUR"]
[Date "2012.09.05"]
[Round "8.47"]
[White "Asabri,Hu"]
[Black "Liew Chee Meng Jimmy"]
[Result "1/2-1/2"]
[WhiteElo "2211"]
[BlackElo "2297"]

1.d4 d5 2.Nf3 Nf6 3.c4 c6 4.g3 Bf5 5.Bg2 Bxb1 6.Rxb1 Qa5+ 7.Bd2 Qxa2 8.b3 dxc4
9.bxc4 Nfd7 10.O-O e6 11.Rxb7 Qa6 12.Rb2 Bd6 13.d5 cxd5 14.Bc3 O-O 15.Qd4 Nf6
16.cxd5 exd5 17.Qh4 Nbd7 18.e3 Rfe8 19.h3 Rac8 20.Bd4 Ne5 21.Nxe5 Bxe5 22.Bxe5 Rxe5
23.Rfb1 Qc4 24.Rb8 Ree8 25.Rxc8 Rxc8 26.Qg5 a5 27.Qf5 a4 28.Rb7 Ra8 29.Qe5 h6
30.Qe7 Rf8 31.Ra7 Ne4 32.Rc7 Qb3 33.Bxe4 dxe4 34.Qxe4 a3 35.Ra7 Rd8 36.Kg2 a2
37.Qe7 Rb8 38.Qc7 Qd5+ 39.e4 Qxe4+ 40.Kh2 Qe8 41.Rxa2 Rb1 42.Qc2 Re1 43.Rb2 g6
44.Qc3 Kh7 45.Rb7 Re7  1/2-1/2

[Event "40th Olympiad Open"]
[Site "Istanbul TUR"]
[Date "2012.09.05"]
[Round "8.62"]
[White "Taleb Mohamed,Ahmed"]
[Black "Simoes,Joao ANG"]
[Result "0-1"]
[WhiteElo "1965"]
[BlackElo "2275"]

1.Nf3 d5 2.d4 c6 3.c4 dxc4 4.e4 b5 5.a4 a6 6.b3 e5 7.bxc4 Bb4+ 8.Bd2 Bxd2+
9.Qxd2 exd4 10.Qxd4 Qxd4 11.Nxd4 b4 12.a5 c5 13.Nb3 Nd7 14.N1d2 Bb7 15.O-O-O Ngf6
16.f3 Rc8 17.Be2 Ke7 18.Nf1 Ne5 19.Ne3 g6 20.Rd2 Rhd8 21.Rxd8 Kxd8 22.f4 Ned7
23.e5 Ne4 24.Rd1 Nc3 25.Rxd7+ Kxd7 26.Bg4+ Kc6 27.Bxc8 Bxc8 28.Kd2 Be6 29.h3 Ne4+
30.Kd3 Ng3 31.Kd2 Nh5 32.Kc1 Nxf4 33.Nd2 Nd3+ 34.Kc2 Nxe5 35.Kb3 f5 36.Nef1 f4
37.Nh2 Nxc4 38.Nxc4 Kb5 39.Nf3 Bxc4+ 40.Kb2 Bd5  0-1

[Event "40th Olympiad Open"]
[Site "Istanbul TUR"]
[Date "2012.09.05"]
[Round "8.46"]
[White "Njili,K"]
[Black "Shukuraliev,A"]
[Result "0-1"]
[WhiteElo "2357"]
[BlackElo "2360"]

1.d4 d5 2.c4 c6 3.Nf3 Nf6 4.g3 a6 5.c5 g6 6.Bg2 Bg7 7.O-O O-O 8.Nc3 Ne4 9.Qc2 Bf5
10.Qb3 Ra7 11.Na4 Nd7 12.Bf4 h6 13.Ne5 Nxe5 14.Bxe5 Bxe5 15.dxe5 Nd2 16.Qe3 Nxf1
17.Rxf1 Qa5 18.b3 Kh7 19.h3 Raa8 20.g4 d4 21.Qg3 Be6 22.Rd1 Rad8 23.Be4 Qc7
24.f4 f6 25.Qh4 Kg7 26.exf6+ exf6 27.Rf1 g5 28.Qg3 f5 29.gxf5 Bxf5 30.Bg2 Bg6
31.e3 dxe3 32.Qxe3 Rd3 33.Qe2 Rxf4 34.Re1 Qd7 35.Qe5+ Kh7 36.Nb6 Qd4+ 37.Qxd4 Rdxd4
38.Nc4 Be4 39.Bf1 Kg7 40.Nd6 b5 41.Ne8+ Kf7 42.Nc7 a5 43.Bxb5 cxb5 44.Nxb5 Rd2
45.Nd6+ Rxd6 46.cxd6 Ke6 47.Rc1 Kxd6 48.Rc4 Bc6 49.Rc2 Rf3 50.Rd2+ Bd5 51.Kh2 Ke5
52.Rc2 Kf4 53.Rc5 Be4 54.Rxa5 Rf1  0-1

[Event "40th Olympiad Open"]
[Site "Istanbul TUR"]
[Date "2012.09.06"]
[Round "9.6"]
[White "Avrukh,B"]
[Black "Smeets,J"]
[Result "0-1"]
[WhiteElo "2605"]
[BlackElo "2608"]

1.d4 d5 2.c4 c6 3.Nf3 Nf6 4.Qb3 dxc4 5.Qxc4 Bg4 6.Nbd2 Nbd7 7.g3 e6 8.Bg2 Be7
9.O-O O-O 10.Qb3 Qb6 11.Nc4 Qa6 12.Bd2 Nb6 13.Rfc1 Nxc4 14.Rxc4 Bf5 15.Bf1 Qb6
16.Bb4 Nd5 17.Bxe7 Qxb3 18.axb3 Nxe7 19.Ne1 Rfd8 20.Rca4 a6 21.f3 Bg6 22.Kf2 Nf5
23.e3 Nd6 24.Ra5 f6 25.h4 Re8 26.Rc1 Rad8 27.Rac5 e5 28.dxe5 fxe5 29.e4 Bxe4
30.fxe4 Nxe4+ 31.Ke3 Nxc5 32.Rxc5 Rd1 33.Bc4+ Kf8 34.Nf3 Re7 35.Be2 Rb1 36.Rc2 g6
37.Ke4 Kg7 38.Rd2 Rh1 39.Bd3 Kf6 40.Rf2 Ke6 41.Ng5+ Kd6 42.Bf1 Kc5 43.Kf3 Rg1
44.Rc2+ Kb4 45.Kf2 Kxb3 46.Rd2 Rxf1+ 47.Kxf1 e4 48.Re2 e3 49.Ke1 a5 50.Kd1 a4
51.Nf3 c5 52.Kc1 b5 53.Ne1 Kc4 54.Rc2+ Kd4 55.Kd1 Rf7 56.Rc3 Rf1 57.Rd3+ Ke4
58.Rd8 b4 59.Re8+ Kd4 60.Rd8+ Kc4 61.Re8 Kb3 62.Ke2 Rxe1+ 63.Kxe1 Kxb2 64.Rxe3 a3
65.Kf2 a2 66.Re2+ Ka3  0-1

[Event "11th Kesarovski-Stanchev Mem"]
[Site "Sunny Beach BUL"]
[Date "2012.09.08"]
[Round "8.47"]
[White "Dimitrov,De"]
[Black "Lasek,Frantisek"]
[Result "1-0"]
[WhiteElo "2079"]
[BlackElo "1817"]

1.d4 Nf6 2.Nf3 d5 3.c4 c6 4.Qc2 e6 5.Nbd2 Bd6 6.e3 h6 7.Bd3 Nbd7 8.O-O e5
9.cxd5 cxd5 10.dxe5 Nxe5 11.Nxe5 Bxe5 12.Nf3 Qc7 13.Nxe5 Qxe5 14.Qa4+ Bd7
15.Qb4 Bc6 16.Bd2 Ne4 17.Be1 Qe7 18.Qxe7+ Kxe7 19.Bb4+ Ke6 20.f3 Nd6 21.Rac1 Rac8
22.Bc5 a6 23.Rfd1 Rhd8 24.Bb6 Re8 25.b3 Bb5 26.Bb1 Rxc1 27.Rxc1 Rc8 28.Rd1 Rc6
29.Bd4 f6 30.a4 Be2 31.Re1 a5 32.Bh7 Ba6 33.Bg8+ Kd7 34.Bxd5 Rc7 35.Bb6 Rc8  1-0

[Event "40th Olympiad Open"]
[Site "Istanbul TUR"]
[Date "2012.09.09"]
[Round "11.24"]
[White "Kindermann,S"]
[Black "Ali Marandi,C"]
[Result "1/2-1/2"]
[WhiteElo "2498"]
[BlackElo "2362"]

1.d4 d5 2.c4 c6 3.Nf3 Nf6 4.Qb3 e6 5.Bg5 Be7 6.Nc3 O-O 7.e3 Nbd7 8.Be2 dxc4
9.Qxc4 Nd5 10.Bxe7 Qxe7 11.O-O N5b6 12.Qd3 e5 13.e4 exd4 14.Qxd4 Nc5 15.Qe3 Re8
16.Nd2 Nba4 17.Nxa4 Nxa4 18.b3 Nc5 19.f3 Be6 20.Rfd1 a5 21.Nc4 Bxc4 22.Bxc4 Rad8
23.Rd2 Rxd2 24.Qxd2 Qd8 25.Rd1 Qxd2 26.Rxd2 Kf8 27.Kf2 f6 28.h4 Ke7 29.Ke3 Nd7
30.h5 h6 31.Kf4 Ra8 32.Kf5 Nf8 33.a3 b5 34.Be2 a4 35.b4 Re8 36.f4 Ne6 37.g3 Nf8
38.e5 fxe5 39.Kxe5 Kf7+ 40.Kd4 Rd8+ 41.Kc3 Rxd2 42.Kxd2 Ke6 43.Ke3 Kd6 44.Ke4 Ne6
45.Bf1 Nc7 46.Kd4 Ne6+ 47.Ke4 Nc7 48.Kd4 Ne6+ 49.Kc3 Nc7 50.Kd4  1/2-1/2